000 00593nam a2200193Ia 4500
005 20250508164947.0
008 008 250505s9999 xx 000 0 eng d
037 _aDissertations
040 _aFEDL
_beng
_cFEDL
041 _aeng
_2eng
084 _a370.1523, KAP/DI
_qFEDL
100 _aKapoor Vandana
_9775590
245 0 _aRelationship between the learning of language and the comprehension in social science
260 _c2010
300 _a70p.
546 _aM.Ed. Dissertation (Delhi University)
942 _cDIS
_h370.1523, KAP/DI
999 _c1392287
_d1392287